Implementing Derivatives Reform : Reducing Systemic Risk and Improving Market Oversight.

Bibliographic Details
Corporate Author: United States. Congress. Senate. Committee on Banking, Housing, and Urban Affairs
Format: Government Document eBook
Language:English
Published: Bethesda, Md. : ProQuest, 2012.
Subjects:
Online Access:Electronic resource (PDF)

MARC

Tag First Indicator Second Indicator Subfields
LEADER 00000cam a22000001a 4500
001 in00004158713
005 20200117093646.0
006 m d f
007 cr bn mmmapmmp
008 140430s2012 mdu o f000 0 eng d
035 |a chdc20131137 
040 |a UMI  |c UMI  |d UtOrBLW 
043 |a n-us--- 
086 0 |a Y 4.B 22/3:S.HRG.112-680 
110 1 |a United States.  |b Congress.  |b Senate.  |b Committee on Banking, Housing, and Urban Affairs.  |0 http://id.loc.gov/authorities/names/n81033403 
245 1 0 |a Implementing Derivatives Reform :  |b Reducing Systemic Risk and Improving Market Oversight. 
264 1 |a Bethesda, Md. :  |b ProQuest,  |c 2012. 
300 |a 96 pages, digital, PDF file. 
336 |a text  |b txt  |2 rdacontent 
337 |a computer  |b c  |2 rdamedia 
338 |a online resource  |b cr  |2 rdacarrier 
500 |a Record is based on bibliographic data in ProQuest U.S. Congressional Hearings Digital Collection. Reuse except for individual research requires license from ProQuest, LLC. 
500 |a Electronic resource. 
533 |a Electronic reproduction.  |b [Bethesda, Md.] :  |c ProQuest,  |d 2013.  |e digital, PDF file.  |n ProQuest Congressional Hearings Digital Collection.  |n Mode of access: World Wide Web via ProQuest website. 
538 |a System requirements: PDF reader software. 
650 0 |a Derivative securities  |x Law and legislation  |z United States.  |0 http://id.loc.gov/authorities/subjects/sh2009123214 
650 0 |a Over-the-counter markets  |x Law and legislation  |z United States. 
650 0 |a Commodity exchanges  |x Law and legislation  |z United States.  |0 http://id.loc.gov/authorities/subjects/sh2008101304 
776 0 8 |i Microfiche version:  |a United States. Congress. Senate. Committee on Banking, Housing, and Urban Affairs  |t Implementing Derivatives Reform  |o CIS 2013 S241-46  |w cis201303021 
856 4 0 |u http://proxy.library.tamu.edu/login?url=http://search.proquest.com/congcomp/getdoc?HEARING-ID=HRG-2012-BHU-0037  |y Electronic resource (PDF)  |z CIS 2013-S241-46  |t 0 
998 |a cis201303021 
999 f f |s e43a51e0-bfc8-39be-8896-11e28344df8b  |i 3dad2f4f-fbf3-3f25-b018-6c222d78d958  |t 0 
952 f f |a Texas A&M University  |b College Station  |c Electronic Resources  |d Available Online  |t 0  |e Y 4.B 22/3:S.HRG.112-680  |h Superintendent of Documents classification 
998 f f |a Y 4.B 22/3:S.HRG.112-680  |t 0  |l Available Online